الكامل في النحو و الصرف و الإعراب / (رقم التسجيلة. 11283)
[ عرض عادي ]
| 000 -LEADER | |
|---|---|
| fixed length control field | 00564nam a22001937a 4500 |
| 005 - DATE AND TIME OF LATEST TRANSACTION | |
| control field | 20251108164649.0 |
| 008 - FIXED-LENGTH DATA ELEMENTS--GENERAL INFORMATION | |
| fixed length control field | 250721s1979 xx 000 0 ara d |
| 082 14 - DEWEY DECIMAL CLASSIFICATION NUMBER | |
| Classification number | 415/احم |
| 100 1# - MAIN ENTRY--PERSONAL NAME | |
| Personal name | قبش، أحمد |
| 245 10 - TITLE STATEMENT | |
| Title | الكامل في النحو و الصرف و الإعراب / |
| 250 ## - EDITION STATEMENT | |
| Edition statement | ط2.، مزيدة ومنقحة |
| 264 1# - PRODUCTION, PUBLICATION, DISTRIBUTION, MANUFACTURE, AND COPYRIGHT NOTICE | |
| Place of production, publication, distribution, manufacture | بيروت : |
| Name of producer, publisher, distributor, manufacturer | دار الجيل، |
| Date of production, publication, distribution, manufacture, or copyright notice | 1979. |
| 300 ## - PHYSICAL DESCRIPTION | |
| Extent | 370ص |
| 650 17 - SUBJECT ADDED ENTRY--TOPICAL TERM | |
| Topical term or geographic name as entry element | اللغة العربية |
| 650 17 - SUBJECT ADDED ENTRY--TOPICAL TERM | |
| Topical term or geographic name as entry element | قواعد اللغة |
| 650 17 - SUBJECT ADDED ENTRY--TOPICAL TERM | |
| Topical term or geographic name as entry element | علم الصرف |
| 942 ## - ADDED ENTRY ELEMENTS (KOHA) | |
| Source of classification or shelving scheme | Dewey Decimal Classification |
| Koha item type | كتب |
| حالة السحب | حالة الفقدان | مصدر التصنيف | حالة التلف | غير قابل للإعارة | المكتبة الرئيسية | المكتبة الحالية | موقع الرف | تاريخ التزويد | الرقم المتسلسل | Total Checkouts | رقم الإستدعاء | تاريخ آخر ظهور | تاريخ الفاتورة | نوع المادة (كوها) | الباركود |
|---|---|---|---|---|---|---|---|---|---|---|---|---|---|---|---|
| Dewey Decimal Classification | Unchecked | مكتبة أم قصير والمقابلين العامة | مكتبة أم قصير والمقابلين العامة | الإعارة | 06/07/2004 | 3124 | 415/احم | 28/07/2025 | 06/07/2004 | كتب | |||||
| Dewey Decimal Classification | مكتبة الأميرة سلمى | مكتبة الأميرة سلمى | الإعارة | 13/04/2016 | 566351 | 415/احم | 28/07/2025 | 13/04/2016 | كتب | PLD00386162 | |||||
| Dewey Decimal Classification | مكتبة حمزة العامة | مكتبة حمزة العامة | الإعارة | 09/03/2016 | 529537 | 415/احم | 28/07/2025 | 09/03/2016 | كتب | PLD00378850 |